000 01807nam a2200133Ia 4500
008 220620s9999||||xx |||||||||||||| ||und||
020 _a9783040000000
245 0 _aHigh-Yielding Dairy Cows
546 _aEnglish[eng]
650 _adairy cow||fatty liver||lipid metabolism||oxidative stress||SIRT1||dairy cows||PPARγ||non-alcoholic fatty liver disease (NAFLD)||genetic factor||dairy industry||milking system||work routine||parlor||milking model||small dairy||reproductive strategy||parity||season||rank of AI||type of AI||heat stress||whole transcript sequencing||immune response||stress response||myostatin gene||variation||milk||fatty acid||cattle||milk production||metabolomics||biomarkers||flaxseed||dry period||enterolactone||milk fatty acids||peak of lactation||lipolysis||fatty acids||casein||postpartum diseases||activin||inhibin||cytokines||endometrium||subclinical endometritis||cow||milk beta-hydroxybutyrate||fat to protein content ratio||left displaced abomasum||negative energy balance||alpha-tocopherol/vitamin E-related gene||calving||colostrum||high-yield dairy cows||inflammation||health||lactation||liver||mammary gland||ultrasonography||pregnancy proteins||embryonic mortality||fetal mortality||body condition score||urea||β-hydroxybutyrate||metabolism||urea in milk||primiparous cows||lactation curves||feeding system||herd management||protein metabolism||amino acids||milk protein||Saccharomyces cerevisiae||high-yield cows||pH||VFA||inflammatory cytokines||transition period||ketosis||RNA-Seq||clustering||liver metabolism||Jersey||oral calcium bolus||calcium||hypocalcemia||mastitis||culling||reproduction||herd health||milking management||production systems
700 _aSimões, João Carlos Caetano
856 _uhttps://mdpi.com/books/pdfview/book/4933
942 _cEB
999 _c29924
_d29924